Transducers and instrumentation : III sem E and C (Record no. 172585)
[ view plain ]
| 000 -LEADER | |
|---|---|
| fixed length control field | 00425nam a2200157Ia 4500 |
| 008 - FIXED-LENGTH DATA ELEMENTS--GENERAL INFORMATION | |
| fixed length control field | 231217s9999 xx 000 0 und d |
| 041 ## - LANGUAGE CODE | |
| Language code of text/sound track or separate title | English |
| 082 ## - DEWEY DECIMAL CLASSIFICATION NUMBER | |
| Classification number | 621.1123028 NAR;3 |
| 100 ## - MAIN ENTRY--PERSONAL NAME | |
| Personal name | Narayanan, C P |
| 245 #0 - TITLE STATEMENT | |
| Title | Transducers and instrumentation : III sem E and C |
| 250 ## - EDITION STATEMENT | |
| Edition statement | 2nd ed, |
| 260 ## - PUBLICATION, DISTRIBUTION, ETC. | |
| Date of publication, distribution, etc. | 2001 |
| Name of publisher, distributor, etc. | Tecnical Publication |
| Place of publication, distribution, etc. | Pune |
| 300 ## - PHYSICAL DESCRIPTION | |
| Extent | ix+182 |
| 650 ## - SUBJECT ADDED ENTRY--TOPICAL TERM | |
| Topical term or geographic name entry element | Transducers,instrumentation |
| 942 ## - ADDED ENTRY ELEMENTS (KOHA) | |
| Koha item type | Books |
| Date last seen | Total checkouts | Full call number | Accession number | Price effective from | Category | Public note | Lost status | Damaged status | Department | Withdrawn status | Home library | Current library | Shelving location | Entry date | Vendor | Grants | Billdate | Currency symbol | Conversion rate | Discount | Old discount |
|---|---|---|---|---|---|---|---|---|---|---|---|---|---|---|---|---|---|---|---|---|---|
| 26/01/2024 | 621.1123028 NAR;3 | 28706 | 26/01/2024 | Books | EC/4667 | Central Library | Central Library | Central Library | Central Library | 28/06/2004 | Publisher | DONATED | 08/06/2006 | RS | 1 |
